000
00310nam a22001337a 4500
082
_a
158
_b
KAL/R
100
_a
KALLINGAL, ANTHONY
245
_a
REFLECTIONS ON THE ULTIMATE QUESTIONS
250
_a
FIRST EDITION
260
_a
ALUVA
_b
PEN BOOKS
_c
2003
300
_a
248
650
_a
RELIGIOUS
_z
INDIA
942
_c
BK
999
_c
5267
_d
5267